[Event "DEM U10 2021"]
[Site "Willingen GER"]
[Date "2021.08.24"]
[Round "4"]
[White "Heitmann, Erik"]
[Black "Prashanthakumar, Arju"]
[Result "0-1"]
[Termination "normal"]
[Board "25"]
[WhiteElo "1262"]
[BlackElo "953"]
[WhiteClock "00:54:01"]
[BlackClock "01:00:57"]
[PlyCount "82"]
[WhiteFideId "34608940"]
[BlackFideId "34604065"]
[EventCountry "GER"]
[EventRounds "11"]
[EventType "swiss"]
[EventDate "2021.08.22"]

1. d4 {[%clk 01:15:58]} {[%emt 00:00:02]} Nf6 {[%clk 01:15:41]} {[%emt
00:00:20]} 2. Bf4 {[%clk 01:16:19]} {[%emt 00:00:09]} d5 {[%clk 01:15:45]}
{[%emt 00:00:26]} 3. e3 {[%clk 01:16:22]} {[%emt 00:00:27]} e6 {[%clk
01:15:42]} {[%emt 00:00:33]} 4. Nf3 {[%clk 01:16:34]} {[%emt 00:00:18]} Bd6
{[%clk 01:15:33]} {[%emt 00:00:39]} 5. Bd3 {[%clk 01:16:31]} {[%emt 00:00:32]}
O-O {[%clk 01:14:47]} {[%emt 00:01:16]} 6. O-O {[%clk 01:16:48]} {[%emt
00:00:14]} b6 {[%clk 01:14:23]} {[%emt 00:00:55]} 7. Nbd2 {[%clk 01:16:56]}
{[%emt 00:00:21]} Ba6 {[%clk 01:14:19]} {[%emt 00:00:34]} 8. c4 {[%clk
01:16:24]} {[%emt 00:01:03]} c5 {[%clk 01:11:15]} {[%emt 00:03:33]} 9. Bg5
{[%clk 01:15:52]} {[%emt 00:00:58]} Nbd7 {[%clk 01:10:13]} {[%emt 00:01:36]}
10. e4 {[%clk 01:13:39]} {[%emt 00:02:43]} dxe4 {[%clk 01:08:36]} {[%emt
00:02:07]} 11. Nxe4 {[%clk 01:13:01]} {[%emt 00:01:07]} Be7 {[%emt 00:01:12]}
12. Nxf6+ {[%clk 01:12:30]} {[%emt 00:00:57]} Bxf6 {[%clk 01:07:29]} {[%emt
00:00:59]} 13. h4 {[%clk 01:12:10]} {[%emt 00:00:49]} Bxg5 {[%clk 01:07:00]}
{[%emt 00:01:01]} 14. Nxg5 {[%clk 01:12:14]} {[%emt 00:00:24]} h6 {[%emt
00:01:15]} 15. Qh5 {[%clk 01:11:48]} {[%emt 00:00:07]} Nf6 {[%emt 00:03:08]}
16. Qf3 {[%clk 01:10:12]} {[%emt 00:00:08]} Qxd4 {[%clk 01:04:18]} {[%emt
00:02:38]} 17. Ne4 {[%clk 01:09:27]} {[%emt 00:01:13]} Nxe4 {[%clk 01:03:11]}
{[%emt 00:01:39]} 18. Bxe4 {[%clk 01:09:28]} {[%emt 00:00:28]} Rad8 {[%clk
01:03:10]} {[%emt 00:00:31]} 19. b3 {[%clk 01:09:04]} {[%emt 00:00:54]} Qf6
{[%clk 01:01:52]} {[%emt 00:01:45]} 20. Qh3 {[%clk 01:05:10]} {[%emt 00:04:26]}
Rd4 {[%clk 01:00:59]} {[%emt 00:01:22]} 21. Rae1 {[%clk 01:04:38]} {[%emt
00:01:01]} Rd2 {[%clk 01:00:19]} {[%emt 00:01:13]} 22. Bb1 {[%clk 01:04:10]}
{[%emt 00:00:56]} Bb7 {[%clk 00:59:46]} {[%emt 00:01:03]} 23. Rd1 {[%clk
01:00:00]} {[%emt 00:04:42]} Rfd8 {[%clk 00:59:50]} {[%emt 00:00:27]} 24. Rde1
{[%clk 00:58:57]} {[%emt 00:01:31]} R8d4 {[%clk 00:58:28]} {[%emt 00:01:51]}
25. f3 {[%clk 00:58:22]} {[%emt 00:01:06]} Qxh4 {[%clk 00:58:05]} {[%emt
00:00:54]} 26. Qxh4 {[%clk 00:57:51]} {[%emt 00:01:00]} Rxh4 {[%clk 00:58:24]}
{[%emt 00:00:13]} 27. Rf2 {[%clk 00:57:58]} {[%emt 00:00:23]} Rxf2 {[%clk
00:58:29]} {[%emt 00:00:25]} 28. Kxf2 {[%clk 00:58:16]} {[%emt 00:00:12]} Kf8
{[%clk 00:58:02]} {[%emt 00:00:52]} 29. Rd1 {[%clk 00:57:22]} {[%emt 00:01:28]}
Rd4 {[%clk 00:58:22]} {[%emt 00:00:10]} 30. Re1 {[%clk 00:55:42]} {[%emt
00:02:09]} Ke7 {[%clk 00:58:28]} {[%emt 00:00:25]} 31. g4 {[%clk 00:55:16]}
{[%emt 00:00:57]} Kf6 {[%clk 00:57:59]} {[%emt 00:00:59]} 32. Be4 {[%clk
00:54:00]} {[%emt 00:01:46]} Bxe4 {[%clk 00:58:12]} {[%emt 00:00:17]} 33. fxe4
{[%clk 00:53:50]} {[%emt 00:00:39]} Rd2+ {[%clk 00:58:16]} {[%emt 00:00:25]}
34. Re2 {[%clk 00:54:01]} {[%emt 00:00:19]} Rxe2+ {[%clk 00:58:32]} {[%emt
00:00:16]} 35. Kxe2 {[%clk 00:54:15]} {[%emt 00:00:15]} Ke5 {[%clk 00:58:59]}
{[%emt 00:00:05]} 36. Ke3 {[%clk 00:54:20]} {[%emt 00:00:23]} f5 {[%clk
00:59:20]} {[%emt 00:00:10]} 37. gxf5 {[%clk 00:53:22]} {[%emt 00:01:28]} exf5
{[%clk 00:59:38]} {[%emt 00:00:12]} 38. exf5 {[%clk 00:53:28]} {[%emt
00:00:24]} Kxf5 {[%clk 01:00:00]} {[%emt 00:00:08]} 39. Kf3 {[%clk 00:53:47]}
{[%emt 00:00:11]} g5 {[%clk 01:00:16]} {[%emt 00:00:14]} 40. a4 {[%clk
00:53:42]} {[%emt 00:00:35]} g4+ {[%clk 01:00:36]} {[%emt 00:00:10]} 41. Kg3
{[%clk 00:54:01]} {[%emt 00:00:10]} h5 {[%clk 01:00:57]} {[%emt 00:00:10]} 0-1

[Event "DEM U10 2021"]
[Site "Willingen GER"]
[Date "2021.08.24"]
[Round "4"]
[White "Schröder, Hannes Artur"]
[Black "Guo, Felix"]
[Result "0-1"]
[Termination "normal"]
[Board "26"]
[WhiteElo "961"]
[BlackElo "1045"]
[WhiteClock "00:48:48"]
[BlackClock "00:59:33"]
[PlyCount "58"]
[WhiteFideId "34608818"]
[BlackFideId "16277104"]
[EventCountry "GER"]
[EventRounds "11"]
[EventType "swiss"]
[EventDate "2021.08.22"]

1. d4 {[%clk 01:15:57]} {[%emt 00:00:02]} d6 {[%clk 01:15:46]} {[%emt
00:00:14]} 2. Bf4 {[%clk 01:16:10]} {[%emt 00:00:17]} Nf6 {[%clk 01:16:08]}
{[%emt 00:00:08]} 3. e3 {[%clk 01:16:13]} {[%emt 00:00:26]} g6 {[%clk
01:16:20]} {[%emt 00:00:19]} 4. Nf3 {[%clk 01:16:11]} {[%emt 00:00:31]} Bg7
{[%clk 01:16:30]} {[%emt 00:00:21]} 5. Nbd2 {[%clk 01:16:18]} {[%emt 00:00:23]}
O-O {[%clk 01:16:38]} {[%emt 00:00:23]} 6. c3 {[%clk 01:16:35]} {[%emt
00:00:12]} Nbd7 {[%clk 01:16:40]} {[%emt 00:00:28]} 7. Bd3 {[%clk 01:16:50]}
{[%emt 00:00:15]} Nh5 {[%clk 01:13:46]} {[%emt 00:03:25]} 8. Bg5 {[%clk
01:15:03]} {[%emt 00:02:17]} c5 {[%clk 01:12:06]} {[%emt 00:02:10]} 9. O-O
{[%clk 01:15:12]} {[%emt 00:00:19]} Nhf6 {[%clk 01:10:20]} {[%emt 00:02:17]}
10. Re1 {[%clk 01:13:52]} {[%emt 00:01:46]} Qb6 {[%clk 01:09:54]} {[%emt
00:01:00]} 11. Nc4 {[%clk 01:12:13]} {[%emt 00:02:09]} Qc7 {[%clk 01:10:00]}
{[%emt 00:00:25]} 12. e4 {[%clk 01:09:44]} {[%emt 00:02:58]} b5 {[%clk
01:06:37]} {[%emt 00:03:54]} 13. Na3 {[%clk 01:08:32]} {[%emt 00:01:41]} a6
{[%clk 01:05:18]} {[%emt 00:01:49]} 14. e5 {[%clk 01:07:07]} {[%emt 00:01:55]}
Nd5 {[%clk 01:03:29]} {[%emt 00:02:20]} 15. Be4 {[%clk 01:04:05]} {[%emt
00:03:31]} Bb7 {[%clk 01:02:56]} {[%emt 00:01:03]} 16. Bxd5 {[%clk 01:04:08]}
{[%emt 00:00:27]} Bxd5 {[%clk 01:03:06]} {[%emt 00:00:20]} 17. exd6 {[%clk
01:04:07]} {[%emt 00:00:31]} exd6 {[%clk 01:03:10]} {[%emt 00:00:27]} 18. Be7
{[%clk 01:03:35]} {[%emt 00:01:02]} Rfe8 {[%clk 01:02:43]} {[%emt 00:00:57]}
19. h3 {[%clk 00:56:36]} {[%emt 00:07:28]} Bb7 {[%clk 01:00:39]} {[%emt
00:02:35]} 20. b4 {[%clk 00:55:29]} {[%emt 00:01:37]} cxd4 {[%clk 01:00:52]}
{[%emt 00:00:17]} 21. cxd4 {[%clk 00:55:27]} {[%emt 00:00:31]} Nf6 {[%clk
01:00:06]} {[%emt 00:01:16]} 22. Rc1 {[%clk 00:51:37]} {[%emt 00:04:21]} Qd7
{[%clk 00:59:42]} {[%emt 00:00:53]} 23. Bxf6 {[%clk 00:50:26]} {[%emt
00:01:41]} Rxe1+ {[%clk 01:00:00]} {[%emt 00:00:12]} 24. Qxe1 {[%clk 00:50:42]}
{[%emt 00:00:14]} Bxf6 {[%clk 01:00:18]} {[%emt 00:00:12]} 25. Nb1 {[%clk
00:50:31]} {[%emt 00:00:41]} Bxf3 {[%clk 01:00:17]} {[%emt 00:00:31]} 26. gxf3
{[%clk 00:50:16]} {[%emt 00:00:43]} Qxh3 {[%clk 01:00:35]} {[%emt 00:00:14]}
27. Nd2 {[%clk 00:49:28]} {[%emt 00:01:17]} Bxd4 {[%clk 00:59:54]} {[%emt
00:01:12]} 28. Rc6 {[%clk 00:48:58]} {[%emt 00:00:58]} Be5 {[%clk 00:59:33]}
{[%emt 00:00:52]} 29. Qf1 {[%clk 00:48:48]} {[%emt 00:00:40]} Qh2# {[%emt
00:01:48]} 0-1

[Event "DEM U10 2021"]
[Site "Willingen GER"]
[Date "2021.08.24"]
[Round "4"]
[White "Aweh, Mads"]
[Black "Krüger, Moritz"]
[Result "1/2-1/2"]
[Termination "normal"]
[Board "27"]
[WhiteElo "1452"]
[BlackElo "1187"]
[WhiteClock "00:38:17"]
[BlackClock "00:44:33"]
[PlyCount "87"]
[WhiteFideId "34604278"]
[BlackFideId "34608923"]
[EventCountry "GER"]
[EventRounds "11"]
[EventType "swiss"]
[EventDate "2021.08.22"]

1. e4 {[%clk 01:14:57]} {[%emt 00:01:03]} e6 {[%clk 01:15:51]} {[%emt
00:00:09]} 2. d4 {[%clk 01:14:34]} {[%emt 00:00:53]} d5 {[%clk 01:16:15]}
{[%emt 00:00:06]} 3. exd5 {[%clk 01:13:53]} {[%emt 00:01:10]} exd5 {[%clk
01:15:58]} {[%emt 00:00:49]} 4. c4 {[%clk 01:13:26]} {[%emt 00:00:57]} Nf6
{[%clk 01:15:49]} {[%emt 00:00:39]} 5. Nc3 {[%clk 01:13:01]} {[%emt 00:00:55]}
Bb4 {[%clk 01:14:55]} {[%emt 00:01:23]} 6. a3 {[%clk 01:12:33]} {[%emt
00:00:59]} Bxc3+ {[%clk 01:13:04]} {[%emt 00:02:21]} 7. bxc3 {[%clk 01:12:52]}
{[%emt 00:00:11]} O-O {[%clk 01:13:25]} {[%emt 00:00:08]} 8. Nf3 {[%clk
01:12:47]} {[%emt 00:00:34]} c6 {[%clk 01:11:27]} {[%emt 00:02:29]} 9. Bg5
{[%clk 01:12:32]} {[%emt 00:00:46]} Nbd7 {[%clk 01:10:41]} {[%emt 00:01:15]}
10. cxd5 {[%clk 01:12:03]} {[%emt 00:00:59]} cxd5 {[%clk 01:10:24]} {[%emt
00:00:47]} 11. Be2 {[%clk 01:11:45]} {[%emt 00:00:48]} Qc7 {[%clk 01:10:25]}
{[%emt 00:00:28]} 12. Qc2 {[%clk 01:11:06]} {[%emt 00:01:11]} Ne4 {[%clk
01:09:47]} {[%emt 00:01:07]} 13. Rc1 {[%clk 01:10:13]} {[%emt 00:01:23]} h6
{[%clk 01:09:10]} {[%emt 00:01:05]} 14. Be3 {[%clk 01:10:02]} {[%emt 00:00:43]}
Ndf6 {[%clk 01:08:48]} {[%emt 00:00:53]} 15. h3 {[%clk 01:09:28]} {[%emt
00:01:03]} Bf5 {[%clk 01:08:35]} {[%emt 00:00:42]} 16. Bd3 {[%clk 01:06:58]}
{[%emt 00:03:01]} Rac8 {[%clk 01:07:32]} {[%emt 00:01:30]} 17. O-O {[%clk
01:01:37]} {[%emt 00:05:55]} Bh7 {[%clk 01:05:23]} {[%emt 00:02:38]} 18. Bd2
{[%clk 00:57:12]} {[%emt 00:04:56]} Qa5 {[%clk 01:02:08]} {[%emt 00:03:43]} 19.
Qb2 {[%clk 00:53:33]} {[%emt 00:04:10]} Rfd8 {[%clk 00:59:23]} {[%emt
00:03:15]} 20. Rc2 {[%clk 00:49:21]} {[%emt 00:04:43]} Qc7 {[%clk 00:55:18]}
{[%emt 00:04:34]} 21. Rfc1 {[%clk 00:46:05]} {[%emt 00:03:46]} Nxd2 {[%clk
00:53:46]} {[%emt 00:02:01]} 22. Bxh7+ {[%clk 00:46:24]} {[%emt 00:00:11]} Kxh7
{[%emt 00:00:12]} 23. Rxd2 {[%emt 00:00:16]} Ne4 {[%clk 00:53:55]} {[%emt
00:00:23]} 24. Rd3 {[%clk 00:46:03]} {[%emt 00:01:22]} b6 {[%clk 00:53:35]}
{[%emt 00:00:49]} 25. Nd2 {[%clk 00:45:48]} {[%emt 00:00:45]} Nxd2 {[%clk
00:53:17]} {[%emt 00:00:48]} 26. Qxd2 {[%clk 00:46:00]} {[%emt 00:00:18]} Rd6
{[%clk 00:53:16]} {[%emt 00:00:32]} 27. Re3 {[%clk 00:46:20]} {[%emt 00:00:11]}
Rc6 {[%clk 00:53:10]} {[%emt 00:00:36]} 28. Qe1 {[%clk 00:46:02]} {[%emt
00:00:48]} Kg8 {[%clk 00:52:39]} {[%emt 00:01:00]} 29. Re8+ {[%clk 00:45:58]}
{[%emt 00:00:34]} Rxe8 {[%clk 00:52:43]} {[%emt 00:00:24]} 30. Qxe8+ {[%clk
00:46:18]} {[%emt 00:00:12]} Kh7 {[%clk 00:53:05]} {[%emt 00:00:06]} 31. Qe3
{[%clk 00:46:34]} {[%emt 00:00:16]} Qd6 {[%clk 00:52:50]} {[%emt 00:00:44]} 32.
Qd3+ {[%clk 00:46:10]} {[%emt 00:00:54]} Kg8 {[%clk 00:49:58]} {[%emt
00:03:22]} 33. Re1 {[%clk 00:44:22]} {[%emt 00:02:18]} g6 {[%clk 00:49:27]}
{[%emt 00:00:59]} 34. Ra1 {[%clk 00:44:34]} {[%emt 00:00:21]} Rc4 {[%clk
00:48:56]} {[%emt 00:00:59]} 35. Qd2 {[%clk 00:42:30]} {[%emt 00:02:36]} Kg7
{[%clk 00:48:57]} {[%emt 00:00:29]} 36. g3 {[%clk 00:41:44]} {[%emt 00:01:15]}
Qc7 {[%clk 00:48:19]} {[%emt 00:01:08]} 37. Rc1 {[%clk 00:41:57]} {[%emt
00:00:17]} Qc8 {[%clk 00:45:57]} {[%emt 00:02:49]} 38. Kg2 {[%clk 00:41:03]}
{[%emt 00:01:28]} Qa6 {[%clk 00:45:30]} {[%emt 00:00:58]} 39. Qb2 {[%clk
00:40:30]} {[%emt 00:01:02]} Qc8 {[%clk 00:45:23]} {[%emt 00:00:37]} 40. Qb3
{[%clk 00:38:51]} {[%emt 00:02:09]} Qe8 {[%clk 00:45:18]} {[%emt 00:00:32]} 41.
Qc2 {[%clk 00:38:06]} {[%emt 00:01:19]} Qa4 {[%clk 00:44:45]} {[%emt 00:01:02]}
42. Qa2 {[%clk 00:37:35]} {[%emt 00:01:01]} Qa5 {[%clk 00:44:27]} {[%emt
00:00:46]} 43. Qb2 {[%clk 00:37:56]} {[%emt 00:00:10]} Ra4 {[%clk 00:44:33]}
{[%emt 00:00:23]} 44. Ra1 {[%clk 00:38:17]} {[%emt 00:00:10]} 1/2-1/2

[Event "DEM U10 2021"]
[Site "Willingen GER"]
[Date "2021.08.25"]
[Round "5"]
[White "Glöckler, Christian"]
[Black "Buchinger, Alexis"]
[Result "1-0"]
[Termination "normal"]
[Board "1"]
[WhiteElo "1581"]
[BlackElo "1578"]
[WhiteClock "01:03:50"]
[BlackClock "00:05:52"]
[PlyCount "93"]
[WhiteFideId "34608966"]
[BlackFideId "16287134"]
[EventCountry "GER"]
[EventRounds "11"]
[EventType "swiss"]
[EventDate "2021.08.22"]

1. e4 {[%clk 01:15:59]} {[%emt 00:00:02]} e5 {[%clk 01:15:51]} {[%emt
00:00:09]} 2. Nf3 {[%clk 01:16:16]} {[%emt 00:00:12]} Nc6 {[%clk 01:16:18]}
{[%emt 00:00:03]} 3. Bc4 {[%clk 01:16:35]} {[%emt 00:00:12]} Bc5 {[%clk
01:16:40]} {[%emt 00:00:09]} 4. O-O {[%clk 01:16:50]} {[%emt 00:00:13]} Nf6
{[%clk 01:16:49]} {[%emt 00:00:22]} 5. Nc3 {[%clk 01:17:07]} {[%emt 00:00:14]}
d6 {[%clk 01:17:04]} {[%emt 00:00:15]} 6. d3 {[%clk 01:17:08]} {[%emt
00:00:29]} Na5 {[%clk 01:16:28]} {[%emt 00:01:07]} 7. Bb3 {[%clk 01:16:38]}
{[%emt 00:00:59]} Nxb3 {[%clk 01:16:41]} {[%emt 00:00:18]} 8. axb3 {[%clk
01:17:01]} {[%emt 00:00:06]} a6 {[%clk 01:14:47]} {[%emt 00:02:24]} 9. Ne2
{[%clk 01:16:00]} {[%emt 00:01:31]} O-O {[%clk 01:12:38]} {[%emt 00:02:40]} 10.
Be3 {[%clk 01:15:53]} {[%emt 00:00:36]} Ba7 {[%clk 01:11:18]} {[%emt 00:01:51]}
11. Ng3 {[%clk 01:15:15]} {[%emt 00:01:07]} c6 {[%clk 01:10:25]} {[%emt
00:01:22]} 12. d4 {[%clk 01:13:41]} {[%emt 00:02:05]} exd4 {[%clk 01:04:38]}
{[%emt 00:06:17]} 13. Bxd4 {[%clk 01:13:39]} {[%emt 00:00:31]} Bg4 {[%clk
00:58:28]} {[%emt 00:06:41]} 14. Bc3 {[%clk 01:12:43]} {[%emt 00:01:27]} h5
{[%clk 00:54:37]} {[%emt 00:04:20]} 15. h3 {[%clk 01:12:12]} {[%emt 00:01:00]}
h4 {[%clk 00:52:24]} {[%emt 00:02:44]} 16. Nf5 {[%clk 01:12:32]} {[%emt
00:00:09]} Bh5 {[%clk 00:48:18]} {[%emt 00:04:55]} 17. Nxd6 {[%clk 01:10:10]}
{[%emt 00:02:34]} Bxf3 {[%clk 00:35:53]} {[%emt 00:12:55]} 18. Qxf3 {[%clk
01:10:32]} {[%emt 00:00:07]} Qxd6 {[%clk 00:34:42]} {[%emt 00:01:43]} 19. e5
{[%clk 01:10:53]} {[%emt 00:00:08]} Qd5 {[%clk 00:30:40]} {[%emt 00:04:31]} 20.
exf6 {[%clk 01:11:13]} {[%emt 00:00:10]} Qxf3 {[%clk 00:30:41]} {[%emt
00:00:30]} 21. gxf3 {[%clk 01:11:38]} {[%emt 00:00:05]} g6 {[%clk 00:29:41]}
{[%emt 00:01:29]} 22. f4 {[%clk 01:10:24]} {[%emt 00:01:44]} Rfe8 {[%clk
00:26:58]} {[%emt 00:03:12]} 23. Kg2 {[%clk 01:09:55]} {[%emt 00:01:00]} Re2
{[%clk 00:26:48]} {[%emt 00:00:40]} 24. Rac1 {[%clk 01:09:44]} {[%emt
00:00:43]} Rae8 {[%clk 00:25:58]} {[%emt 00:01:19]} 25. Rce1 {[%clk 01:08:36]}
{[%emt 00:01:37]} R8e6 {[%clk 00:24:34]} {[%emt 00:01:54]} 26. Rc1 {[%clk
01:07:17]} {[%emt 00:01:49]} R6e3 {[%clk 00:21:34]} {[%emt 00:03:30]} 27. Rce1
{[%clk 01:03:27]} {[%emt 00:04:21]} Rxc2 {[%clk 00:17:03]} {[%emt 00:05:00]}
28. Rxe3 {[%clk 01:03:24]} {[%emt 00:00:33]} Bxe3 {[%clk 00:17:27]} {[%emt
00:00:07]} 29. Kf3 {[%clk 01:03:37]} {[%emt 00:00:16]} Bd2 {[%clk 00:17:10]}
{[%emt 00:00:47]} 30. Be5 {[%clk 01:03:24]} {[%emt 00:00:44]} Bc1 {[%clk
00:12:39]} {[%emt 00:05:01]} 31. Rd1 {[%clk 01:03:17]} {[%emt 00:00:36]} Bxb2
{[%clk 00:12:34]} {[%emt 00:00:36]} 32. Rd8+ {[%clk 01:03:34]} {[%emt
00:00:12]} Kh7 {[%clk 00:12:40]} {[%emt 00:00:25]} 33. Rf8 {[%clk 01:02:24]}
{[%emt 00:01:40]} Bxe5 {[%clk 00:12:52]} {[%emt 00:00:18]} 34. Rxf7+ {[%clk
01:02:41]} {[%emt 00:00:13]} Kg8 {[%clk 00:06:00]} {[%emt 00:07:23]} 35. Rg7+
{[%clk 01:02:57]} {[%emt 00:00:14]} Kf8 {[%clk 00:05:57]} {[%emt 00:00:33]} 36.
fxe5 {[%clk 01:03:02]} {[%emt 00:00:25]} Rc1 {[%clk 00:05:22]} {[%emt
00:01:18]} 37. e6 {[%clk 01:03:19]} {[%emt 00:00:01]} Re1 {[%clk 00:05:26]}
{[%emt 00:00:26]} 38. e7+ {[%clk 01:03:43]} {[%emt 00:00:06]} Ke8 {[%clk
00:05:52]} {[%emt 00:00:04]} 39. Rg8+ {[%clk 01:04:01]} {[%emt 00:00:12]} Kd7
{[%clk 00:05:26]} {[%emt 00:00:56]} 40. Rd8+ {[%clk 01:02:40]} {[%emt
00:00:15]} Kc7 {[%clk 00:05:18]} {[%emt 00:02:15]} 41. e8=Q {[%clk 01:02:47]}
{[%emt 00:00:23]} Rxe8 {[%clk 00:04:19]} {[%emt 00:01:29]} 42. Rxe8 {[%clk
01:03:05]} {[%emt 00:00:11]} b5 {[%clk 00:04:40]} {[%emt 00:00:10]} 43. f7
{[%clk 01:03:19]} {[%emt 00:00:16]} c5 {[%clk 00:05:06]} {[%emt 00:00:04]} 44.
f8=Q {[%clk 01:03:35]} {[%emt 00:00:14]} Kb6 {[%clk 00:05:35]} {[%emt
00:00:02]} 45. Qd6+ {[%clk 01:03:36]} {[%emt 00:00:27]} Ka5 {[%emt 00:00:36]}
46. Re4 {[%clk 01:03:39]} {[%emt 00:00:01]} c4 {[%clk 00:05:52]} {[%emt
00:00:34]} 47. Rxc4 {[%clk 01:03:50]} {[%emt 00:00:18]} 1-0

[Event "DEM U10 2021"]
[Site "Willingen GER"]
[Date "2021.08.25"]
[Round "5"]
[White "Rau, Eduard"]
[Black "Sydykov, Bayastan"]
[Result "0-1"]
[Termination "normal"]
[Board "2"]
[WhiteElo "1276"]
[BlackElo "1209"]
[WhiteClock "01:06:24"]
[BlackClock "01:16:29"]
[PlyCount "88"]
[WhiteFideId "16287231"]
[BlackFideId "13829610"]
[EventCountry "GER"]
[EventRounds "11"]
[EventType "swiss"]
[EventDate "2021.08.22"]

1. e4 {[%clk 01:15:59]} {[%emt 00:00:01]} e6 {[%clk 01:15:55]} {[%emt
00:00:05]} 2. d4 {[%clk 01:16:24]} {[%emt 00:00:05]} d5 {[%clk 01:16:20]}
{[%emt 00:00:05]} 3. Bd3 {[%clk 01:16:51]} {[%emt 00:00:04]} dxe4 {[%clk
01:16:42]} {[%emt 00:00:08]} 4. Bxe4 {[%clk 01:17:19]} {[%emt 00:00:01]} Nf6
{[%clk 01:17:00]} {[%emt 00:00:12]} 5. Bf3 {[%clk 01:17:45]} {[%emt 00:00:03]}
Be7 {[%clk 01:17:23]} {[%emt 00:00:08]} 6. Ne2 {[%clk 01:17:55]} {[%emt
00:00:19]} O-O {[%clk 01:17:41]} {[%emt 00:00:14]} 7. O-O {[%clk 01:18:16]}
{[%emt 00:00:08]} Nc6 {[%clk 01:17:56]} {[%emt 00:00:16]} 8. Nbc3 {[%clk
01:18:02]} {[%emt 00:00:43]} Nd5 {[%clk 01:18:01]} {[%emt 00:00:25]} 9. Ne4
{[%clk 01:17:04]} {[%emt 00:01:27]} e5 {[%clk 01:18:13]} {[%emt 00:00:19]} 10.
c4 {[%clk 01:16:21]} {[%emt 00:01:13]} Nf6 {[%clk 01:18:19]} {[%emt 00:00:25]}
11. d5 {[%clk 01:16:27]} {[%emt 00:00:24]} Nb8 {[%clk 01:18:05]} {[%emt
00:00:43]} 12. Qc2 {[%clk 01:16:20]} {[%emt 00:00:36]} Nxe4 {[%clk 01:18:18]}
{[%emt 00:00:18]} 13. Qxe4 {[%clk 01:16:36]} {[%emt 00:00:14]} Qd6 {[%clk
01:18:21]} {[%emt 00:00:27]} 14. Nc3 {[%clk 01:16:09]} {[%emt 00:00:58]} f5
{[%clk 01:18:33]} {[%emt 00:00:18]} 15. Qe3 {[%clk 01:16:15]} {[%emt 00:00:24]}
e4 {[%clk 01:18:51]} {[%emt 00:00:12]} 16. Be2 {[%clk 01:16:13]} {[%emt
00:00:31]} a6 {[%clk 01:18:34]} {[%emt 00:00:49]} 17. f3 {[%clk 01:15:22]}
{[%emt 00:01:20]} exf3 {[%clk 01:18:13]} {[%emt 00:00:51]} 18. Qxf3 {[%clk
01:15:27]} {[%emt 00:00:25]} Bf6 {[%clk 01:18:30]} {[%emt 00:00:14]} 19. Be3
{[%clk 01:14:59]} {[%emt 00:00:58]} Nd7 {[%clk 01:18:20]} {[%emt 00:00:41]} 20.
Bd3 {[%clk 01:14:50]} {[%emt 00:00:40]} Ne5 {[%clk 01:18:24]} {[%emt 00:00:26]}
21. Qe2 {[%clk 01:14:49]} {[%emt 00:00:30]} Nxd3 {[%clk 01:18:39]} {[%emt
00:00:16]} 22. Qxd3 {[%clk 01:15:12]} {[%emt 00:00:06]} Re8 {[%clk 01:18:53]}
{[%emt 00:00:15]} 23. c5 {[%clk 01:15:26]} {[%emt 00:00:17]} Qe7 {[%clk
01:18:44]} {[%emt 00:00:39]} 24. Rae1 {[%clk 01:15:01]} {[%emt 00:00:55]} Be5
{[%clk 01:18:50]} {[%emt 00:00:24]} 25. Bf4 {[%clk 01:11:30]} {[%emt 00:04:02]}
Qxc5+ {[%clk 01:18:55]} {[%emt 00:00:25]} 26. Kh1 {[%clk 01:11:55]} {[%emt
00:00:05]} Qd6 {[%clk 01:19:08]} {[%emt 00:00:16]} 27. Qg3 {[%clk 01:11:47]}
{[%emt 00:00:38]} Bxf4 {[%clk 01:18:20]} {[%emt 00:01:20]} 28. Rxe8+ {[%clk
01:12:11]} {[%emt 00:00:06]} Kf7 {[%clk 01:18:37]} {[%emt 00:00:12]} 29. Qe1
{[%clk 01:11:57]} {[%emt 00:00:45]} Bxh2 {[%clk 01:18:06]} {[%emt 00:00:59]}
30. Rxc8 {[%clk 01:11:40]} {[%emt 00:00:49]} Rxc8 {[%clk 01:17:49]} {[%emt
00:00:46]} 31. Rxf5+ {[%clk 01:11:58]} {[%emt 00:00:13]} Kg8 {[%clk 01:17:57]}
{[%emt 00:00:21]} 32. Ne4 {[%clk 01:12:17]} {[%emt 00:00:12]} Qh6 {[%clk
01:18:01]} {[%emt 00:00:24]} 33. Nf6+ {[%clk 01:08:57]} {[%emt 00:03:52]} Kh8
{[%clk 01:18:10]} {[%emt 00:00:12]} 34. Ng4 {[%clk 01:08:55]} {[%emt 00:00:41]}
Qg6 {[%clk 01:18:15]} {[%emt 00:00:23]} 35. Qf1 {[%clk 01:08:58]} {[%emt
00:00:26]} Bd6 {[%clk 01:18:25]} {[%emt 00:00:22]} 36. Qf3 {[%clk 01:08:50]}
{[%emt 00:00:39]} Re8 {[%clk 01:16:57]} {[%emt 00:01:57]} 37. Kg1 {[%clk
01:08:28]} {[%emt 00:00:53]} h6 {[%clk 01:16:16]} {[%emt 00:01:11]} 38. Kf1
{[%clk 01:06:32]} {[%emt 00:02:49]} Bb4 {[%clk 01:15:57]} {[%emt 00:00:25]} 39.
a3 {[%clk 01:05:26]} {[%emt 00:01:37]} Re1+ {[%clk 01:15:49]} {[%emt 00:00:38]}
40. Kf2 {[%clk 01:05:51]} {[%emt 00:00:06]} Qb6+ {[%clk 01:16:01]} {[%emt
00:00:17]} 41. Ne3 {[%clk 01:05:41]} {[%emt 00:00:40]} Rxe3 {[%clk 01:16:14]}
{[%emt 00:00:17]} 42. Rf8+ {[%clk 01:05:33]} {[%emt 00:00:38]} Bxf8 {[%clk
01:16:21]} {[%emt 00:00:23]} 43. Qxf8+ {[%clk 01:05:57]} {[%emt 00:00:05]} Kh7
{[%clk 01:16:29]} {[%emt 00:00:34]} 44. Qf5+ {[%clk 01:06:24]} Kg8 {[%emt
00:01:41]} 0-1